| 000 | 00567nam a2200169 i 4500 | ||
|---|---|---|---|
| 001 | 60232 | ||
| 003 | ES-MaACL | ||
| 005 | 20230906164203.0 | ||
| 007 | t| | ||
| 008 | 031103s1978 sp ||||1| spa d | ||
| 100 | 1 |
_aEscriche Esteban, Manuel. _947649 |
|
| 245 | 1 | 0 |
_aVegetación y flora de las islas Canarias / _cManuel Escriche Esteban. |
| 260 |
_aMadrid : _bInstituto Nacional de EnseƱanza Media Cervantes, _c1978. |
||
| 300 |
_a19 p. : _bil. ; _c21 cm. |
||
| 710 | 2 |
_aInstituto de Bachillerato Cervantes (Madrid) _94826 |
|
| 852 |
_aES-MaACL _j2113-F-16 _bR.100420 |
||
| 999 |
_c60232 _d60232 |
||